|
ห้องสมุด สถาบันวิจัยวลัยรุกขเวช
Walai Library Management - v 6.0
|


|
mysqli: Deadlock found when trying to get lock; try restarting transaction
DELETE FROM stat_globaluid
WHERE id NOT IN (
SELECT id
FROM (
SELECT id
FROM stat_globaluid
ORDER BY id DESC
LIMIT 100
) foo
);
| LEADER 00000nam 2200000uu 4500 |
| 001 13399109434 |
| 003 Co-UlibM |
| 008 020711s2557 th a 000 0 tha d |
| 099 ^aRes 6 |
| 110 มหาวิทยาลัยมหาสารคาม |
| 245 สารวิจัยเพื่อชุมชน |
| 260 คลังนานาวิทยา :^bขอนแก่น,^c2557 |
| 300 59 หน้า |
| 945 ^p0^l0^i6000649 |
| 945 ^p0^l0^i6000648 |
| 945 ^p0^l0^i6000646 |
| 999 ^aadmin |
| คุณยังไม่ได้ล็อกอิน คุณสามารถมีกิจกรรมร่วมกับเว็บไซต์ได้ แต่ต้องล็อกอินก่อน :: |
|
| ลำดับที่ |
ประเภท |
เลขเรียก/บาร์โค้ด |
สถานที่ |
สถานะ |
| 1. |
 งานวิจัย | Res 6 2557 Barcode: 6000649 | วิจัย | On Shelf |
| 2. |
 หนังสือ | Res 6 2557 ฉ.2 Barcode: 6000648 | หนังสือทั่วไป | On Shelf |
| 3. |
 หนังสือ | Res 6 2557 ฉ.3 Barcode: 6000646 | หนังสือทั่วไป | On Shelf |
| [แสดง 3/3 รายการ] |
รายการใกล้เคียง
ชื่อเรื่อง [สารวิจัยเพื่อชุมชน]
|
|
ยังไม่เคยถูกคอมเมนท์
|
| คอมเมนท์ทรัพยากรรายการนี้ |
|